00628nam a22002177a 450000500170000001000130001702000230003003500130005303700160006604000120008208200210009410000160011524500970013124600060022826000420023427000430027630000240031950000200034365000220036365000250038520170124110000.0 aB-211122 c550.00a8175411309 aB-211122 bCen Lib/Ret aDPLbEN a355.0630973bKAM aKamath, P M aU.S. national security :cby P.M. kamath bstruggle for supermacy in policy making 1969-1989 b  bShipra publications c2003aNew Delhi bNew Delhia115-A, Vikas marg shakarpur avii,222p.c21cm(Hb) aIncludes index  aNational security aDiplomatic relations